| 000 | 01112nam0a22003011 4500 | ||
|---|---|---|---|
| 001 | rc\2335048 | ||
| 005 | 20250623050725.0 | ||
| 035 | _a(NLR Aleph) 006584359 | ||
| 090 |
_a7079044 _c7079044 |
||
| 100 | _a20110829d1977 |||y0rusy50 ca | ||
| 101 | 0 | _arus | |
| 102 | _aRU | ||
| 105 | _ay z ||||| | ||
| 200 | 1 |
_aЭкономика и культура Молдавской ССР в послевоенные годы _eМатериал в помощь лектору _fО-во "Знание" МССР |
|
| 210 |
_aКишинев _cБ. и. _d1977 |
||
| 215 |
_a[1], 53 с. _d21 |
||
| 225 | 1 | _a60 лет Октябрю | |
| 300 | _aПеред загл. авт.: М.Ф. Ротару, д. ист. н., Н.В. Кодица, к. э. н. | ||
| 320 | _aБиблиогр.: с. 52-53 | ||
| 700 | 1 |
_aРотару _bМ.Ф. _gМихаил Федорович |
|
| 701 | 1 |
_aКодица _bН.В. _gНиколай Васильевич |
|
| 801 | 0 |
_aRU _bNLR _gpsbo |
|
| 801 | 1 |
_aRU _bELAR _2rusmarc |
|
| 852 |
_aNLR _j77-6/5545 |
||
| 899 |
_aRuMoRGB _jМ 77-12/896 |
||
| 899 |
_aRuMoRGB _jМ 77-12/897 |
||
| 942 | _cBOOK | ||
| 980 | _aNB | ||